The Simpsons Ned Flanders - Here Come Sandwiches Lyrics - Statistics

General Stats
  • This quiz has been taken 7 times
  • The average score is 10 of 23
Answer Stats
Lyric % Correct
Come
100%
Come
100%
Here
100%
Here
100%
Sandwiches
100%
Sandwiches
100%
Down
57%
Right
57%
Lane
43%
A
29%
And
29%
Bread
29%
Cheese
29%
Boozy
14%
Brother
14%
Bum
14%
Got
14%
Ned's
14%
Of
14%
On
14%
Order
14%
Shame
14%
Side
14%
No matching quizzes found
Score Distribution
Percent of People with Each Score
Percentile by Number Answered
Your Score History
You have not taken this quiz